Broadcasting politics in Japan (Record no. 1102656)

MARC details
000 -LEADER
fixed length control field 00743nam a2200241Ia 4500
003 - CONTROL NUMBER IDENTIFIER
control field OSt
005 - DATE AND TIME OF LATEST TRANSACTION
control field 20221006154148.0
008 - FIXED-LENGTH DATA ELEMENTS--GENERAL INFORMATION
fixed length control field 221006b |||||||| |||| 00| 0 eng d
020 ## - INTERNATIONAL STANDARD BOOK NUMBER
International Standard Book Number 9780801437489
037 ## - SOURCE OF ACQUISITION
Terms of availability Textual
040 ## - CATALOGING SOURCE
Original cataloging agency EASL
Transcribing agency EASL
Language of cataloging eng
041 ## - LANGUAGE CODE
Source of code eng
Language code of text/sound track or separate title eng
100 ## - MAIN ENTRY--PERSONAL NAME
Personal name Krauss Ellis S
9 (RLIN) 646925
245 #0 - TITLE STATEMENT
Title Broadcasting politics in Japan
Remainder of title NHK and television news
260 ## - PUBLICATION, DISTRIBUTION, ETC.
Place of publication, distribution, etc. Ithaca
Name of publisher, distributor, etc. Cornell University Press UK
Date of publication, distribution, etc. 2000
300 ## - PHYSICAL DESCRIPTION
Extent 278p.
Dimensions cm.
942 ## - ADDED ENTRY ELEMENTS (KOHA)
Classification part 40aWv42.N, P0
Koha item type Textual
Source of classification or shelving scheme Colon Classification (CC)
Holdings
Withdrawn status Lost status Source of classification or shelving scheme Damaged status Not for loan Home library Current library Date acquired Source of acquisition Total Checkouts Full call number Barcode Date last seen Price effective from Koha item type
    Colon Classification (CC)     Department of East Asian Studies Library Department of East Asian Studies Library 2022-10-06 Gift, Shinnyo-en, Tokyo, Japan   40aWv42.N P0 EA1394638 2022-10-06 2022-10-06 Textual
Copyright @ Delhi University Library System